Quiz Culture Générale #1 - Statistiques

Statistiques générales
  • Ce quiz a été pris 126 fois
  • Le résultat moyen est 4 sur 15
Statistiques - réponses
Question Réponse % Correct
Les wombats bouchent l'entrée de leur terrier avec : Leurs fesses
68%
En 1960, Mcdo a sorti 2 burgers et les as mis en compétition. Le filet-o-fish (qui gagnera) et : Un burger à l'ananas
56%
Quelle est la devise de l'Union Européenne ? In varietate concordia
32%
Comment appelle-t-on le bébé d'un ours blanc et d'un grizzly ? Le grolar
28%
A quelle âge Jeanne Calment a commencé l'escrime ? 85 ans
24%
Qu'a fait Anne Dacier ? Elle a permis au mot traductrice d'entrer dans la langue française
24%
Comment s'appelle une musique qui reste dans la tête ? Un ver d'oreille
24%
Comment s'appelle le gros orteil ? Hallux
20%
Quand les femmes ont-elles pu passer le bac pour la première fois ? 1924
16%
Pourquoi un éclair au chocolat s'appelle un éclair ? Car on le mange très vite
16%
D'où vient le nom des îles Canarie ? Des chiens
16%
L'inventeur de la clé à molette a aussi créer : La tondeuse à gazon
16%
Quel est le nom initial des "Fleurs du Mal" de Baudelaire ? Les Lesbiennes
16%
Que veut dire dromadaire en grec ancien ? Chameau qui court
8%
Dans la version allemande du Roi Lion, que chante Zazu lorsqu'il est enfermé par Scar ? Sur le pont d'Avignon
4%
Aucun quiz correspondant
Distribution des résultats
% des personnes avec chaque résultat
Percentile par nombre de réponses
Votre historique - résultats
Vous n’avez pas pris ce quiz